[Event "AUTO-ADV-1383"]
[Site "http://www.queenalice.com/game.php?id=673547"]
[Date "2009.10.27"]
[Round "2"]
[White "tolley"]
[Black "Carl_Flemming"]
[Result "0-1"]
[WhiteElo "2011"]
[BlackElo "1920"]

1. e4 c6 2. d4 d5 3. exd5 Qxd5 4. Nc3 Qa5 5. Nf3 Bg4 6. Bd2 Qc7 7. d5 Nf6 8. h3
Bh5 9. Qe2 cxd5 10. Qb5+ Nc6 11. g4 a6 12. Nxd5 Nxd5 13. Qxd5 Bg6 14. Qb3 Rd8
15. O-O-O e6 16. Bg2 Be7 17. Kb1 O-O 18. Qc4 b5 19. Bf4 Qb6 20. Qe2 Nb4 21. Nd4
Rxd4 22. Be3 Nxc2 23. Rd3 Nxe3 24. Ka1 Rxd3 25. fxe3 Qxe3 26. Qxe3 Rxe3 27. Rc1
Re2 28. Bf3 Rd2 29. Bb7 Bf6 30. Bxa6 Bxb2# 0-1

[Event "AUTO-ADV-1383"]
[Site "http://www.queenalice.com/game.php?id=673552"]
[Date "2009.10.27"]
[Round "2"]
[White "tolley"]
[Black "Parma"]
[Result "1-0"]
[WhiteElo "1991"]
[BlackElo "1916"]

1. e4 c5 2. g3 Nc6 3. Bg2 e5 4. d3 Nf6 5. Nc3 Be7 6. Nf3 O-O 7. Bg5 d6 8. O-O a6
9. a4 Nd7 10. Be3 b6 11. Nd5 Nf6 12. c3 Bb7 13. b4 Nxd5 14. exd5 Nb8 15. bxc5
dxc5 16. Nxe5 Bxd5 17. Be4 Bxe4 18. dxe4 Bf6 19. Qxd8 Rxd8 20. Rad1 Re8 21. Nc4
b5 22. axb5 Rxe4 23. Nb6 Rxe3 24. fxe3 Ra7 25. Rf5 h6 26. Rxc5 axb5 27. Rc8+ 1-0

[Event "AUTO-ADV-1383"]
[Site "http://www.queenalice.com/game.php?id=673553"]
[Date "2009.10.27"]
[Round "2"]
[White "Parma"]
[Black "tolley"]
[Result "0-1"]
[WhiteElo "1901"]
[BlackElo "2004"]

1. d4 d5 2. c4 f5 3. Bf4 e6 4. Nf3 Bb4+ 5. Nc3 Nf6 6. a3 Bxc3+ 7. bxc3 dxc4 8.
Qa4+ Nc6 9. Qxc4 Nd5 10. Bg5 Qd7 11. e3 h6 12. Bh4 g5 13. Bg3 Qf7 14. Ne5 Nxe5
15. Bxe5 O-O 16. Bd3 a5 17. O-O b6 18. e4 Ba6 19. Qc6 Bxd3 20. exd5 Bxf1 21.
dxe6 Qe7 22. Rxf1 Rfe8 23. d5 Rac8 24. a4 f4 25. g3 fxg3 26. fxg3 Qc5+ 27. Qxc5
bxc5 28. Rf6 Kh7 29. Rf7+ Kg6 30. Bxc7 c4 31. Bxa5 Rc5 32. Bb4 Rxd5 33. Rc7 Rxe6
34. Rxc4 Re2 35. Rd4 Rxd4 36. cxd4 Kf7 37. a5 Ra2 38. d5 Ke8 0-1

[Event "QA-ANNIV-04"]
[Site "http://www.queenalice.com/game.php?id=762131"]
[Date "2010.4.16"]
[Round "8"]
[White "Wilson"]
[Black "tolley"]
[Result "0-1"]
[WhiteElo "1606"]
[BlackElo "2024"]

1. Nf3 d5 2. d4 Nc6 3. e3 Bg4 4. Nbd2 e6 5. h3 Bf5 6. Be2 Bd6 7. O-O Be4 8. c4
b6 9. Nxe4 dxe4 10. Nd2 f5 11. a3 a6 12. b4 Nh6 13. Bh5+ g6 14. Bb2 O-O 15. d5
exd5 16. cxd5 Ne5 17. Bxe5 Bxe5 18. Rc1 gxh5 19. Qxh5 Qxd5 20. Qxh6 Rf6 21. Qg5+
Rg6 22. Qxf5 Rf8 23. Qxe4 c6 24. Rc2 Kh8 25. Qxd5 cxd5 26. f4 Bf6 27. Nf3 Bg7
28. Nh4 Re6 29. a4 d4 30. exd4 Bxd4+ 31. Kh2 Re4 32. g3 Bf6 33. Nf5 Rxb4 34. Rc6
Bd8 35. Ne3 Rxa4 36. h4 Rd4 37. Rxb6 Bxb6 38. Kh3 Rd3 39. Nc4 Rg8 40. Kh2 Rdxg3
41. Nxb6 Rg2+ 42. Kh1 R2g4 43. h5 Rh4# 0-1

[Event "AUTO-OPEN-1725"]
[Site "http://www.queenalice.com/game.php?id=778661"]
[Date "2010.5.21"]
[Round "2"]
[White "tolley"]
[Black "diego2907"]
[Result "0-1"]
[WhiteElo "1975"]
[BlackElo "1835"]

1. e4 d5 2. exd5 Qxd5 3. Nc3 Qe5+ 4. Be2 Bf5 5. Nf3 Qd6 6. Nh4 Bg6 7. d4 h6 8.
Nb5 Qb6 9. Bf4 Na6 10. c3 e6 11. Qa4 Bd6 12. Nxc7+ Ke7 13. Nxa8 Qd8 14. Bxd6+
Qxd6 15. Nxg6+ fxg6 16. Qb3 Qd5 17. Qxd5 exd5 18. O-O Nf6 0-1

[Event "AUTO-OPEN-1725"]
[Site "http://www.queenalice.com/game.php?id=778662"]
[Date "2010.5.21"]
[Round "2"]
[White "diego2907"]
[Black "tolley"]
[Result "1-0"]
[WhiteElo "1811"]
[BlackElo "1999"]

1. e4 d5 2. exd5 Qxd5 3. d4 Nc6 4. c3 e5 5. Qe2 Nf6 6. Be3 Bd6 7. h3 O-O 8. Nf3
e4 9. Nfd2 a6 10. Bg5 Qxg5 11. b4 Re8 12. Nc4 e3 13. Nxe3 Nd5 14. h4 Qf4 15. g3
Nxe3 16. gxf4 Nc2+ 17. Kd1 Nxa1 18. Qxe8+ 1-0

[Event "AUTO-OPEN-1725"]
[Site "http://www.queenalice.com/game.php?id=778663"]
[Date "2010.5.21"]
[Round "2"]
[White "tolley"]
[Black "SubRoger"]
[Result "0-1"]
[WhiteElo "2026"]
[BlackElo "2088"]

1. e4 e6 2. d4 d5 3. e5 c5 4. Nf3 Nc6 5. c3 Bd7 6. Be2 Nge7 7. O-O Nf5 8. Bd3
cxd4 9. Bxf5 exf5 10. cxd4 Be7 11. Nc3 Be6 12. a3 a6 13. Be3 O-O 14. b4 Rc8 15.
Qd2 Na7 16. Na4 b6 17. Qd3 Nb5 18. h4 f6 19. g3 fxe5 20. dxe5 d4 21. Nxd4 Bc4
22. Qd1 Bxf1 23. Kxf1 Nxd4 24. Bxd4 Rc4 25. Bxb6 Qxd1+ 26. Rxd1 Rfc8 0-1

[Event "AUTO-OPEN-1725"]
[Site "http://www.queenalice.com/game.php?id=778664"]
[Date "2010.5.21"]
[Round "2"]
[White "SubRoger"]
[Black "tolley"]
[Result "1-0"]
[WhiteElo "2082"]
[BlackElo "2012"]

1. e4 d5 2. exd5 Qxd5 3. Nc3 Qa5 4. Nf3 Nc6 5. Bb5 a6 6. Bxc6+ bxc6 7. h3 Nf6 8.
O-O e6 9. d4 Bd6 10. Bg5 Rb8 11. Bxf6 gxf6 12. Qc1 Qf5 13. Ne2 Qe4 14. Ng3 Qf4
15. Rb1 Qxc1 16. Rfxc1 c5 17. dxc5 Bxc5 18. Ne4 Be7 19. c4 Bb7 20. Ned2 f5 21.
b3 Rg8 22. Kf1 Bd6 23. c5 Bf4 24. c6 Bc8 25. Rc4 e5 26. Re1 e4 27. Nb1 Be6 28.
Nfd2 Bxd2 29. Nxd2 1-0

[Event "QA-ANNIV-04"]
[Site "http://www.queenalice.com/game.php?id=808038"]
[Date "2010.7.24"]
[Round "9"]
[White "tolley"]
[Black "razoman"]
[Result "1-0"]
[WhiteElo "1953"]
[BlackElo "2059"]

1. e4 c5 2. Bc4 e6 3. Nc3 Nc6 4. Nf3 a6 5. d4 cxd4 6. Nxd4 h6 7. Nxc6 bxc6 8.
Be3 Nf6 9. e5 Nd5 10. Qf3 Nxe3 11. Qxe3 Be7 12. O-O O-O 13. Bd3 d5 14. exd6 Bxd6
15. Qe4 f5 16. Qxc6 Rb8 17. b3 Bb7 18. Qc4 Qf6 19. Rae1 Rfe8 20. Ne2 Kh8 21. Ng3
Rbc8 22. Qa4 f4 23. Ne4 Qe7 24. Nxd6 Qxd6 25. Rd1 Qe5 26. Bxa6 Ra8 27. Qb5 Qxb5
28. Bxb5 Re7 29. a4 e5 30. Rfe1 e4 31. c4 g5 32. Rd7 Rxd7 33. Bxd7 Rd8 34. Bf5
Rd3 35. h4 Rd4 36. hxg5 hxg5 37. a5 Kg7 38. a6 Bxa6 39. Rxe4 Rd1+ 40. Kh2 Rf1
41. f3 Kf6 42. Be6 Rb1 43. Bd7 Kf7 44. Re6 Bb7 45. Rb6 Ba8 46. Rb8 Ra1 47. Ba4
Bxf3 48. gxf3 Ra2+ 49. Kh3 Rf2 50. Kg4 Rg2+ 51. Kf5 Rg1 52. b4 g4 53. fxg4 f3
54. c5 f2 55. Bb5 f1=Q+ 56. Bxf1 Rxf1+ 57. Kg5 Rc1 58. Rb6 Rc4 59. c6 Ke7 60.
Kh5 Kd6 61. b5 Ke5 62. Rb7 Rc5 63. c7 Kf4+ 64. Kg6 Kxg4 65. b6 Rc6+ 66. Kf7 Kf5
67. Rb8 Rf6+ 68. Ke7 Re6+ 69. Kd7 1-0

[Event "AUTO-ADV-2560"]
[Site "http://www.queenalice.com/game.php?id=1080839"]
[Date "2012.7.9"]
[Round "1"]
[White "Janivgm"]
[Black "tolley"]
[Result "0-1"]
[WhiteElo "1916"]
[BlackElo "1984"]

1. d4 d5 2. c4 dxc4 3. Nf3 b5 4. Nc3 a6 5. Bf4 e6 6. e4 g5 7. Bxg5 f6 8. Bh4 Nd7
9. e5 Be7 10. Nd2 Bb7 11. Qh5+ Kf8 12. exf6 Ngxf6 13. Qh6+ Ke8 14. f3 Ng8 15.
Qh5+ Kf8 16. Bxe7+ Qxe7 17. O-O-O Qg7 18. Nde4 Ngf6 19. Nxf6 Nxf6 20. Qc5+ Qe7
21. Be2 Qxc5 22. dxc5 Rg8 23. Rhg1 Rg5 24. g4 Rxc5 25. f4 b4 26. Na4 Ra5 27. b3
cxb3 28. axb3 Nd5 29. f5 exf5 30. gxf5 Nc3 31. Nxc3 bxc3 32. Bc4 Be4 33. Bd3
Bxd3 34. Rxd3 Ra1+ 0-1

[Event "AUTO-ADV-2560"]
[Site "http://www.queenalice.com/game.php?id=1080840"]
[Date "2012.7.9"]
[Round "1"]
[White "tolley"]
[Black "Janivgm"]
[Result "1/2-1/2"]
[WhiteElo "2006"]
[BlackElo "1903"]

1. d4 d5 2. Nc3 Nf6 3. Bg5 Bf5 4. Bxf6 gxf6 5. e3 c6 6. Bd3 Bg6 7. Nf3 Nd7 8. e4
dxe4 9. Nxe4 Bg7 10. Qe2 O-O 11. O-O-O Re8 12. h4 h5 13. Kb1 a5 14. Rh3 f5 15.
Neg5 b5 16. Ne5 Nxe5 17. dxe5 Qc7 18. e6 Rad8 19. exf7+ Bxf7 20. Nxf7 Kxf7 21.
Qxh5+ Kg8 22. Rg3 Qe5 23. c3 e6 24. Qg6 Kf8 25. h5 Qf6 26. Qxf6+ Bxf6 27. h6 Rd7
28. Kc2 Rh7 29. Rh3 Bg5 30. Rh5 Bxh6 31. g4 Ree7 32. Rdh1 Kg7 33. g5 Rh8 34.
gxh6+ Kg6 35. f4 Reh7 36. Rg5+ Kf6 37. Be2 Rxh6 38. Rxh6+ Rxh6 39. Bf3 c5 40.
Bc6 b4 41. Rg2 Rh4 42. Rf2 e5 43. fxe5+ Kxe5 44. Bd7 f4 45. Kd3 bxc3 46. bxc3
Kd5 47. c4+ Ke5 48. Kc3 1/2-1/2

[Event "AUTO-ADV-2560"]
[Site "http://www.queenalice.com/game.php?id=1080855"]
[Date "2012.7.9"]
[Round "1"]
[White "tolley"]
[Black "pe4"]
[Result "1-0"]
[WhiteElo "1997"]
[BlackElo "1831"]

1. d4 d5 2. Nc3 Nf6 3. Nf3 Nc6 4. Bf4 a6 5. e3 e6 6. Bd3 Bd6 7. Ne5 O-O 8. Qf3
Nb4 9. O-O Nd7 10. Qg3 Nxe5 11. dxe5 Nxd3 12. cxd3 Be7 13. Bh6 g6 14. Bxf8 Bxf8
15. a4 b6 16. d4 c5 17. b3 cxd4 18. exd4 Bb4 19. Ne2 f5 20. Rfd1 a5 21. Nf4 g5
22. Nh5 h6 23. Qh3 Ba6 24. Nf6+ Kg7 25. Rac1 Rc8 26. Qh5 Rc3 27. Rxc3 Bxc3 28.
Ne8+ Kf8 29. Qxh6+ Kxe8 30. Qxe6+ Qe7 31. Qxd5 Bb7 32. Qb5+ Kf8 33. Qxb6 g4 34.
Rc1 Bb4 35. Rc7 Qg5 36. Qxb7 Be7 37. Qc8+ Kf7 38. e6+ Kf6 39. Qh8+ Kxe6 40. Qe5+
Kf7 41. d5 Kf8 42. d6 Bf6 43. Qxa5 Bd8 44. d7 Qe7 45. Qxf5+ Kg8 46. Qxg4+ Kh8
47. Rc1 Qa3 48. Re1 Qxb3 49. Re8+ Kh7 50. g3 Qb1+ 51. Kg2 Qb7+ 52. Kh3 Qc6 53.
Qg8+ Kh6 54. Qe6+ 1-0

[Event "AUTO-ADV-2560"]
[Site "http://www.queenalice.com/game.php?id=1080856"]
[Date "2012.7.9"]
[Round "1"]
[White "pe4"]
[Black "tolley"]
[Result "0-1"]
[WhiteElo "1798"]
[BlackElo "1960"]

1. e4 e5 2. Nf3 Nc6 3. Bb5 a6 4. Ba4 b5 5. Bb3 Bc5 6. Nc3 Nf6 7. h3 O-O 8. O-O
b4 9. Na4 Nxe4 10. Nxc5 Nxc5 11. Bd5 Bb7 12. Bxc6 Bxc6 13. Nxe5 Qg5 14. Nxc6
dxc6 15. d4 Qf5 16. dxc5 Qxc5 17. Be3 Qf5 18. Qe2 Qe6 19. Bc5 Qxe2 20. Bxf8 Kxf8
21. Rac1 Rd8 22. Rfe1 Qd2 23. Rb1 Qxc2 24. Rec1 Qe4 0-1

[Event "AUTO-ADV-2560"]
[Site "http://www.queenalice.com/game.php?id=1080857"]
[Date "2012.7.9"]
[Round "1"]
[White "tolley"]
[Black "josebaron"]
[Result "1-0"]
[WhiteElo "1947"]
[BlackElo "1866"]

1. d4 d5 2. Nc3 e6 3. e4 c6 4. Nf3 dxe4 5. Nxe4 Nf6 6. Bg5 Be7 7. Bd3 Nxe4 8.
Bxe7 Qxe7 9. Bxe4 Qb4+ 10. Qd2 Qxb2 11. O-O O-O 12. Bxh7+ Kxh7 13. Qd3+ Kg8 14.
Rfb1 Qxa1 15. Rxa1 Nd7 16. Qa3 Nf6 17. Ne5 Nd7 18. Qd6 Nxe5 19. Qxe5 a5 20. a4
Rd8 21. c3 Rd5 22. Qc7 Rd7 23. Qe5 Rd5 24. Qc7 Rd7 25. Qb6 Ra6 26. Qc5 Ra8 27.
Re1 b5 28. Qxc6 bxa4 29. Qxa8 1-0

[Event "AUTO-ADV-2560"]
[Site "http://www.queenalice.com/game.php?id=1080858"]
[Date "2012.7.9"]
[Round "1"]
[White "josebaron"]
[Black "tolley"]
[Result "0-1"]
[WhiteElo "1923"]
[BlackElo "1970"]

1. e4 d5 2. exd5 Qxd5 3. Nf3 e5 4. Nc3 Qa5 5. d3 Bb4 6. Bd2 f6 7. Be2 Bxc3 8.
Bxc3 Qc5 9. d4 exd4 10. Bxd4 Qd6 11. c3 Nc6 12. O-O Nge7 13. Bb5 Bg4 14. b4
O-O-O 15. Bxc6 Qxc6 16. Re1 Bxf3 17. Qxf3 Qxf3 18. gxf3 Nd5 19. a4 Nxb4 20. Bxf6
Nc2 21. Bxd8 Rxd8 22. Red1 Nxa1 23. Rxa1 Rd3 24. c4 Rxf3 25. a5 a6 26. Kg2 Rc3
27. Ra4 c5 28. h4 g6 29. f3 Kc7 30. Kg3 b5 31. cxb5 axb5 32. Ra1 Kb7 33. a6+ Ka7
34. Kg4 h6 35. f4 Rd3 36. h5 gxh5+ 37. Kxh5 Rd6 38. f5 Rf6 39. Kg4 c4 40. Kf4 c3
41. Ke5 Rxa6 42. Rc1 b4 43. f6 Rc6 44. f7 Rc8 45. Ke6 Kb6 46. Ke7 Rc7+ 47. Ke8
Rxf7 48. Kxf7 Kb5 49. Kg6 Kc4 50. Kxh6 b3 0-1

[Event "AUTO-ADV-2560"]
[Site "http://www.queenalice.com/game.php?id=1124559"]
[Date "2012.11.21"]
[Round "2"]
[White "alexsandrob3478"]
[Black "tolley"]
[Result "1-0"]
[WhiteElo "1901"]
[BlackElo "2003"]

1. d4 d5 2. c4 Nc6 3. Nf3 e6 4. Nc3 dxc4 5. e3 Nf6 6. Bxc4 Be7 7. O-O O-O 8. h3
a6 9. a3 b5 10. Bd3 Bb7 11. Bd2 e5 12. d5 Nxd5 13. Nxd5 Qxd5 14. Qc2 h6 15. Be4
Qe6 16. Rac1 Nd8 17. Bxb7 Nxb7 18. Qxc7 Nd6 19. Bb4 Rac8 20. Qa7 Nc4 21. Qxe7
Qxe7 22. Bxe7 Rfe8 23. b3 Rxe7 24. bxc4 bxc4 25. Rc3 e4 26. Nd2 f5 27. Rxc4 Rxc4
28. Nxc4 g5 29. Rb1 Kg7 30. Rb6 Rc7 31. Ne5 Rc1+ 32. Kh2 a5 33. Rg6+ Kh7 34. Ra6
Rc5 35. Ra7+ Kg8 36. Nf7 Kg7 37. Nxg5+ Kf6 38. Nh7+ Ke6 39. Nf8+ Kd5 40. Ra6 h5
41. Nd7 Rb5 42. Nf6+ Kc4 43. Rd6 h4 44. Rd1 Rb2 45. Rd5 Rxf2 46. Rxa5 Kd3 47.
Nd5 Ke2 48. Rb5 Kf1 49. Nf4 Ra2 50. Rxf5 Rf2 51. a4 Ra2 52. a5 Kf2 53. Nd5+ Ke2
54. Nc3+ 1-0

[Event "AUTO-ADV-2560"]
[Site "http://www.queenalice.com/game.php?id=1124560"]
[Date "2012.11.21"]
[Round "2"]
[White "tolley"]
[Black "alexsandrob3478"]
[Result "0-1"]
[WhiteElo "2025"]
[BlackElo "1886"]

1. e4 c5 2. d4 cxd4 3. Qxd4 Nc6 4. Qa4 d6 5. Nc3 Bd7 6. Be3 Nf6 7. Be2 g6 8. Nf3
Bg7 9. h3 a6 10. Qb3 Qc7 11. Bb6 Qb8 12. Ng5 O-O 13. O-O h6 14. Nf3 Be6 15. Bc4
Na5 16. Bxa5 Bxc4 17. Qxc4 b6 18. Nd5 Nxd5 19. exd5 bxa5 20. Rab1 Rc8 21. Qe4
Qc7 22. c3 Qc4 23. Qxc4 Rxc4 24. Rfe1 Bf6 25. Nd2 Rc5 26. c4 a4 27. b3 axb3 28.
axb3 Bc3 29. Re2 Bxd2 30. Rxd2 Rb8 31. Rd4 Rb4 32. Re4 Rc7 33. g4 Rcb7 34. Re3
a5 35. Rf3 a4 36. Kg2 Rxb3 37. Rfxb3 Rxb3 38. Re1 Kf8 39. Rc1 a3 40. Ra1 Ke8 41.
h4 Rc3 42. g5 hxg5 43. hxg5 Rxc4 44. Rxa3 Rg4+ 45. Rg3 Rd4 46. Rb3 Rg4+ 47. Rg3
Rxg3+ 48. Kxg3 Kd7 49. f4 e6 50. dxe6+ Kxe6 51. Kf3 Kf5 52. Ke3 d5 0-1

[Event "AUTO-ADV-2560"]
[Site "http://www.queenalice.com/game.php?id=1124565"]
[Date "2012.11.21"]
[Round "2"]
[White "tolley"]
[Black "Lopesq"]
[Result "1-0"]
[WhiteElo "2002"]
[BlackElo "1637"]

1. e4 c5 2. d4 cxd4 3. Qxd4 Nc6 4. Qa4 e5 5. Nf3 Bb4+ 6. c3 Ba5 7. b4 Bb6 8. Qb3
a6 9. Ng5 Qe7 10. Bc4 Bxf2+ 11. Kxf2 Qf6+ 12. Ke1 Nh6 13. Rf1 Qxg5 14. Bxg5 O-O
15. Bxh6 gxh6 16. Bxf7+ Rxf7 17. Qxf7+ 1-0

[Event "AUTO-ADV-2560"]
[Site "http://www.queenalice.com/game.php?id=1124566"]
[Date "2012.11.21"]
[Round "2"]
[White "Lopesq"]
[Black "tolley"]
[Result "0-1"]
[WhiteElo "1645"]
[BlackElo "2023"]

1. Nf3 d5 2. d4 f6 3. c3 Nc6 4. Bf4 Bf5 5. Nbd2 g5 6. Bg3 g4 7. Nh4 Qd7 8. e3 e5
9. Nxf5 Qxf5 10. Bb5 Ne7 11. Bxc6+ Nxc6 12. dxe5 fxe5 13. O-O O-O-O 14. Qa4 h5
15. Bh4 Rd7 16. e4 dxe4 17. Nxe4 a6 18. Nc5 Bxc5 19. b4 Be7 20. b5 axb5 21. Qxb5
Bxh4 22. a4 Qd3 23. Qxd3 Rxd3 24. g3 Bg5 25. c4 Nd4 26. a5 h4 27. a6 hxg3 28.
hxg3 Nf3+ 0-1

[Event "AUTO-ADV-2560"]
[Site "http://www.queenalice.com/game.php?id=1124567"]
[Date "2012.11.21"]
[Round "2"]
[White "tolley"]
[Black "talisman77"]
[Result "1-0"]
[WhiteElo "2014"]
[BlackElo "1835"]

1. e4 e5 2. d4 Bb4+ 3. c3 Ba5 4. dxe5 Nc6 5. Nf3 d6 6. exd6 cxd6 7. Bf4 Bc7 8.
Bc4 Be6 9. Bxe6 fxe6 10. Qb3 Qc8 11. Ng5 Nge7 12. O-O Nd8 13. Nd2 O-O 14. Be3 b6
15. Qc4 d5 16. exd5 exd5 17. Qd4 h6 18. Ngf3 Nf7 19. Rfe1 Qd7 20. Bf4 Bxf4 21.
Qxf4 Ng6 22. Qb4 Rae8 23. Nd4 Nd6 24. Qb3 Nc8 25. N2f3 Nf4 26. Ne5 Qd6 27. Ndc6
Kh8 28. Rad1 Ne7 29. Nxa7 Rd8 30. Nb5 Qb8 31. Qa3 Rde8 32. Nd7 Qd8 33. Nxf8 Rxf8
34. Qxe7 1-0

[Event "AUTO-ADV-2560"]
[Site "http://www.queenalice.com/game.php?id=1124568"]
[Date "2012.11.21"]
[Round "2"]
[White "talisman77"]
[Black "tolley"]
[Result "0-1"]
[WhiteElo "1845"]
[BlackElo "2004"]

1. d4 d5 2. c4 Nc6 3. Nf3 e6 4. Nc3 dxc4 5. e4 Nf6 6. Bxc4 Bd6 7. O-O Nd7 8. d5
exd5 9. Bxd5 Nce5 10. Be3 c6 11. Bb3 Qe7 12. Bd4 O-O 13. Re1 Nxf3+ 14. Qxf3
Bxh2+ 15. Kxh2 Qd6+ 16. Kg1 Qxd4 17. Rad1 Qe5 18. Rd2 Nf6 19. Bd1 Ng4 20. Qg3
Qxg3 21. fxg3 Ne5 22. b3 Be6 23. Bf3 g5 24. Bh5 Rad8 25. Rdd1 Kg7 26. Rf1 Kh6
27. Be2 b5 28. Rde1 Rd2 29. Rf6+ Kg7 30. Ref1 b4 0-1